000 00809nam a2200253Ia 4500
003 OSt
005 20220930093235.0
006 a|||||r|||| 00| 0
007 ta
008 220926b |||||||| |||| 00| 0 eng d
024 _a35680
037 _cTheses
040 _aCRL
_cCRL
_beng
041 _2eng
_aeng
100 _aYELIZAVETA SHARONOVA Au.
_9551327
110 _aUniversity of Delhi. Arts. Political Science
_9551328
245 0 _aDevelopment Policy and Nuclear Eenery Discourese
_b A Comparartive Analysis of India and Russia.
260 _c2015
300 _a311p.
_ap.
_ccm.
700 _a Dr. Devika Sharma Gu.
_9551329
700 _aUniversity of Delhi. Arts. Political Science
_9551330
942 _cDIS
_2CC
999 _c885066
_d885066